| 000 -LEADER |
| fixed length control field |
01242cam a2200325 a 4500 |
| 001 - CONTROL NUMBER |
| control field |
12233450 |
| 005 - DATE AND TIME OF LATEST TRANSACTION |
| control field |
20240924120046.0 |
| 008 - FIXED-LENGTH DATA ELEMENTS--GENERAL INFORMATION |
| fixed length control field |
001116s2001 utua d 000 0 eng |
| 010 ## - LIBRARY OF CONGRESS CONTROL NUMBER |
| LC control number |
00191714 |
| 020 ## - INTERNATIONAL STANDARD BOOK NUMBER |
| International Standard Book Number |
0964022176 X (cloth : alk. paper) |
| 020 ## - INTERNATIONAL STANDARD BOOK NUMBER |
| International Standard Book Number |
0964022168 X (paperback : alk. paper) |
| 040 ## - CATALOGING SOURCE |
| Original cataloging agency |
DLC |
| Transcribing agency |
DLC |
| Modifying agency |
DLC |
| 041 ## - LANGUAGE CODE |
| Language code of text/sound track or separate title |
eng |
| 050 00 - LIBRARY OF CONGRESS CALL NUMBER |
| Classification number |
QK9 |
| Item number |
.H37 2001 |
| 080 ## - UNIVERSAL DECIMAL CLASSIFICATION NUMBER |
| Universal Decimal Classification number |
580 H-30 |
| 100 1# - MAIN ENTRY--PERSONAL NAME |
| Personal name |
Harris, James G., |
| Dates associated with a name |
1954- |
| 9 (RLIN) |
7301 |
| 245 10 - TITLE STATEMENT |
| Title |
Plant identification terminology : |
| Remainder of title |
an illustrated glossary / |
| Statement of responsibility, etc. |
James G. Harris, Melinda Woolf Harris. |
| 250 ## - EDITION STATEMENT |
| Edition statement |
2nd ed. |
| 264 ## - PRODUCTION, PUBLICATION, DISTRIBUTION, MANUFACTURE, AND COPYRIGHT NOTICE |
| Place of production, publication, distribution, manufacture |
Spring Lake, Utah : |
| Name of producer, publisher, distributor, manufacturer |
Spring Lake Pub., |
| Date of production, publication, distribution, manufacture, or copyright notice |
c2001. |
| 300 ## - PHYSICAL DESCRIPTION |
| Extent |
x, 206 p. : |
| Other physical details |
ill. ; |
| Dimensions |
26 cm. |
| 650 #0 - SUBJECT ADDED ENTRY--TOPICAL TERM |
| Topical term or geographic name entry element |
Botany |
| Form subdivision |
Dictionaries. |
| 9 (RLIN) |
7302 |
| 650 #0 - SUBJECT ADDED ENTRY--TOPICAL TERM |
| Topical term or geographic name entry element |
Botany |
| Form subdivision |
Terminology. |
| 9 (RLIN) |
7303 |
| 650 #0 - SUBJECT ADDED ENTRY--TOPICAL TERM |
| Topical term or geographic name entry element |
Plants |
| Form subdivision |
Identification. |
| 9 (RLIN) |
7304 |
| 653 ## - INDEX TERM--UNCONTROLLED |
| keyword |
მცენარეთა იდენტიფიკაციის ტერმინოლოგია |
| 653 ## - INDEX TERM--UNCONTROLLED |
| keyword |
ბოტანიკა |
| 700 1# - ADDED ENTRY--PERSONAL NAME |
| Personal name |
Harris, Melinda Woolf, |
| Dates associated with a name |
1953- |
| 9 (RLIN) |
7305 |
| 906 ## - LOCAL DATA ELEMENT F, LDF (RLIN) |
| a |
7 |
| b |
cbc |
| c |
origcop |
| d |
2 |
| e |
ncip |
| f |
20 |
| g |
y-gencatlg |
| 942 ## - ADDED ENTRY ELEMENTS (KOHA) |
| Source of classification or shelving scheme |
|
| Koha item type |
წიგნი |